LEADER 01265nam0 2200349 4500 001 000030029 005 20140512162319.0 010 $a978-88-386-6511-0 100 $a20140512d2013----km-y0itay50------ba 101 1 $aita 102 $aIT 105 $ay-------001yy 200 1 $aTermodinamica e trasmissione del calore$fYunus A. Çengel$gedizione italiana a cura di Giuliano Dall'O', Luca Sarto 205 $a4. ed 210 $aMilano [etc.]$cMcGraw-Hill$d2013 215 $aXXII, 618 p., [72] carte$cill.$d27 cm 300 $aIn copertina: con eserciziario 300 $aContenuti free digitali disponibili on line. 410 0$12001$aCollana di istruzione scientifica. Serie di fisica tecnica 451 0$1001000028324 500 10$aIntroduction to thermodynamics and heat$m<>$927469 610 1 $aTermodinamica 610 1 $aCalore$aTrasmissione 676 $a621.4021$v23$9Ingegneria termica. Termodinamica 700 1$aÇengel,$bYunus A.$4070$09679 702 1$aDall'Ò,$bGiuliano$4340 702 1$aSarto,$bLuca 801 0$aIT$bUNIPARTHENOPE$c20140512$gRICA$2UNIMARC 912 $a000030029 951 $aP1 621-T/15$b45080$cPIST$d2014 996 $aIntroduction to thermodynamics and heat transfer$927469 997 $aUNIPARTHENOPE LEADER 01698nam0 22003733i 450 001 CFI0198889 005 20231121125446.0 100 $a20100107d1990 ||||0itac50 ba 101 | $aita 102 $ait 181 1$6z01$ai $bxxxe 182 1$6z01$an 200 1 $aArs et ratio$edalla torre di Babele al ponte di Rialto$fBalestracci ... [et al.]$ga cura di Jean Claude Maire Vigueur e Agostino Paravicini Bagliani$gpremessa di Lorenzo Zichichi 210 $aPalermo$cSellerio$d1990 215 $a277 p. , [12] c. di tav.$cill.$d21 cm. 225 | $aPrisma$v122 410 0$1001CFI0004112$12001 $aPrisma$v122 606 $aCantieri$xEuropa$xSec. 12.-16.$xSaggi$2FIR$3LO1C061004$9I 676 $a620.009$9INGEGNERIA E ATTIVITA AFFINI. TRATTAMENTO STORICO E GEOGRAFICO$v12 702 1$aBalestracci$b, Duccio$3CFIV040338 702 1$aZichichi$b, Lorenzo$3CFIV056228 702 1$aMaire Vigueur$b, Jean-Claude$3CFIV066008 702 1$aParavicini Bagliani$b, Agostino$3CFIV111454 790 1$aVigueur$b, Jean Claude Maire$3VEAV064512$zMaire Vigueur, Jean-Claude 801 3$aIT$bIT-01$c20100107 850 $aIT-RM1618 $aIT-RM0151 $aIT-FR0017 899 $aIstituto superiore tecniche di conservazione beni culturali e ambiente$bRM1618 899 $aBiblioteca Istituto Storico Italiano Medio Evo - I$bRM0151 899 $aBiblioteca umanistica Giorgio Aprea$bFR0017 $eN 912 $aCFI0198889 950 0$aBiblioteca umanistica Giorgio Aprea$d 52SALA BRAGAC.M. 105$e 52ATE0000009745 VMB RS $fA $h20170518$i20170518 977 $a 37$a 41$a 52 996 $aArs et ratio$9942246 997 $aUNICAS